000 00524nam a2200181Ia 4500
005 20250326142937.0
008 250326s9999 xx 000 0 und d
037 _aTextbook
040 _aFMSL
_beng
_cFMSL
041 _aeng
_2eng
084 _aC6:8.44 M6
_qFMSL
100 _aSah A K
_9311906
245 0 _aPower Management In India
_cSah A K
260 _aNew Delhi
_bNew Delhi, Standing Conference of Public Enterprises
_c1986
300 _ax,142
942 _cTB
_hC6:8.44 M6
999 _c1297386
_d1297386